UBT Library

Language Files Materials Introduction To Language And Linguistics (Record no. 48725)

000 -LEADER
fixed length control field 00341nam a22001337a 4500
008 - FIXED-LENGTH DATA ELEMENTS--GENERAL INFORMATION
fixed length control field 181001b xxu||||| |||| 00| 0 eng d
020 ## - INTERNATIONAL STANDARD BOOK NUMBER
International Standard Book Number 9780814251799
041 ## - LANGUAGE CODE
Language code of text/sound track or separate title eng
080 ## - UNIVERSAL DECIMAL CLASSIFICATION NUMBER
Universal Decimal Classification number 370
100 ## - Rafti
Rafti 48
101 ## - Shkurtesa
Shkurtesa EDU
245 ## - TITLE STATEMENT
Title Language Files Materials Introduction To Language And Linguistics
Statement of responsibility, etc Wadrana.M
942 ## - ADDED ENTRY ELEMENTS (KOHA)
Source of classification or shelving scheme
Item type Books
Holdings
Withdrawn status Lost status Source of classification or shelving scheme Damaged status Not for loan Collection code Permanent location Current location Shelving location Date acquired Total Checkouts Full call number Barcode Date last seen Price effective from Koha item type
          Koleksioni i përgjithshem UBT - Lipjan UBT - Lipjan Koleksioni i përgjithshem 10/01/2018   370 WAD 002-3013662 10/01/2018 10/01/2018 Books
UBT Library © 2015-2024. All rights reserved University Education for Business and Technology